la syrie /

محفوظ في:

مؤلف مشترك: Syria. Direction générale de l'information.

التنسيق: كتاب

اللغة: French

منشور في: Damas : Direction générale de l'information, 1955.

الموضوعات:

الوسوم: إضافة وسم

لا توجد وسوم, كن أول من يضع وسما على هذه التسجيلة!

رقم الطلب: DS93 .A3 v.1

LEADER 00580nam a2200181Ia 4500
003 OSt
005 20260216081308.0
008 220401s1955 sy ab 000 0 fre d
040 |c ARCE Library 
050 4 |a DS93 .A3 v.1 
110 1 |a Syria.   |b Direction générale de l'information. 
245 1 0 |a la syrie /   |c by Syria. Direction générale de l'information.  
264 1 |a Damas :   |b Direction générale de l'information,   |c 1955. 
300 |a 199 pages :   |b illustrations, maps ;   |c 19 cm. 
651 0 |a Syria   |x Social conditions. 
901 |a reviewed 
942 |2 lcc  |c BK 
999 |c 47191  |d 47191